书目信息 |
| 题名: |
沉香收藏投资指南
|
|
| 作者: | 胡晓鹏 著 | |
| 分册: | ||
| 出版信息: | 北京 北京联合出版公司 2014 |
|
| 页数: | 172页 | |
| 开本: | 28cm | |
| 丛书名: | ||
| 单 册: | ||
| 中图分类: | G262.9 , F724.787 | |
| 科图分类: | ||
| 主题词: | 沉香--收藏--基本知识 , 沉香--投资--基本知识 | |
| 电子资源: | ||
| ISBN: | 978-7-5502-3198-6 | |
| 000 | 00972nam0 2200265 450 | |
| 001 | 339237 | |
| 005 | 20150608091409.73 | |
| 010 | @a978-7-5502-3198-6@dCNY99.00 | |
| 100 | @a20140812d2014 em y0chiy50 ea | |
| 101 | 0 | @achi |
| 102 | @aCN@b110000 | |
| 105 | @aa z 000yy | |
| 106 | @ar | |
| 200 | 1 | @a沉香收藏投资指南@Achen xiang shou cang tou zi zhi nan@f胡晓鹏著 |
| 210 | @a北京@c北京联合出版公司@d2014 | |
| 215 | @a172页@c彩图, 彩照@d28cm | |
| 300 | @a紫图书库 5006 潮流收藏 06/黄利主编 | |
| 330 | @a本书分为入门篇、出门篇、实战篇。入门篇为读者讲解沉香的历史、不同产地沉香的特征, 新手购买通则等;出门篇教读者怎样买到真沉香, 附有不同品质、不同产地沉香的市场价格及业内最不想被揭露的作假方式;实战篇则告诉读者哪些沉香可以投资。 | |
| 606 | 0 | @a沉香@x收藏@x基本知识 |
| 606 | 0 | @a沉香@x投资@x基本知识 |
| 690 | @aG262.9@v5 | |
| 690 | @aF724.787@v5 | |
| 701 | 0 | @a胡晓鹏@Ahu xiao peng@c(收藏)@4著 |
| 801 | 0 | @aCN@b卓展宏图@c20150525 |
| 905 | @dG262.9@e13@f5 | |
| 沉香收藏投资指南/胡晓鹏著.-北京:北京联合出版公司,2014 |
| 172页:彩图, 彩照;28cm |
| 紫图书库 5006 潮流收藏 06/黄利主编 |
| ISBN 978-7-5502-3198-6:CNY99.00 |
| 本书分为入门篇、出门篇、实战篇。入门篇为读者讲解沉香的历史、不同产地沉香的特征, 新手购买通则等;出门篇教读者怎样买到真沉香, 附有不同品质、不同产地沉香的市场价格及业内最不想被揭露的作假方式;实战篇则告诉读者哪些沉香可以投资。 |
| ● |
| 相关链接 |
|
|
|
|
正题名:沉香收藏投资指南
索取号:G262.9/13
 
预约/预借
| 序号 | 登录号 | 条形码 | 馆藏地/架位号 | 状态 | 备注 |
| 1 | 864219 | 208642192 | 第一样本阅览室/ [索取号:G262.9/13] | 在馆 | |
| 2 | 864220 | 208642209 | 第四借阅区/ [索取号:G262.9/13] | 在馆 | |
| 3 | 864221 | 208642218 | 第四借阅区/ [索取号:G262.9/13] | 在馆 | |
| 4 | 864222 | 208642227 | 第四借阅区/ [索取号:G262.9/13] | 在馆 | |
| 5 | 864223 | 208642236 | 第四借阅区/ [索取号:G262.9/13] | 在馆 |